000 00322nam a2200133Ia 4500
008 231017s9999 xx 000 0 und d
082 _a625.84
082 _bKHA
245 0 _aNCHRP Report 637: Guidelines for Dowel Allignment in Concrete Pavements
245 0 _cTRB
260 _bTRB
300 _c30cm
942 _cREP
999 _c604848
_d604848